000 00385nam a2200169Ia 4500
001 19441
003 IN-NITTTR
005 20251114233224.0
008 251113s9999||||xx |||||||||||||| ||eng||
040 _beng
040 _cIN-NITTTR
041 _aeng
082 _a891.433 B47SH
100 _aBhandari, Mannu
245 0 _aShrestha kahaniyaa. /
_cBhandari, Mannu
942 _2ddc
_cBK
999 _c22075
_d22075